Statistics for Top 5 NFL players ever to play on each team (NFC east)

Click here to take the quiz!

General Stats

  • This quiz has been taken 36 times
  • The average score is 11 of 21

Answer Stats

TeamPlayer% Correct
CowboysEmmitt smith
87%
CowboysTroy aikman
83%
GiantsLawrence taylor
77%
GiantsEli manning
73%
CowboysMichael irvin
73%
CowboysRoger staubach
73%
CommandersSean taylor
70%
EaglesDonovan mcnabb
63%
EaglesReggie white
63%
CowboysDeion sanders
60%
CommandersJohn riggins
47%
EaglesRandall cunningham
47%
GiantsMichael strahan
43%
CommandersSammy baugh
43%
GiantsTiki barber
43%
EaglesTerrell owens
40%
CowboysLarry allen
30%
EaglesBrian dawkins
27%
CommandersLarry brown
20%
CommandersDarrell green
17%
GiantsFrank gifford
7%

Score Distribution

Percentile by Number Answered

Percent of People with Each Score

Your Score History

You have not taken this quiz